Chinese Car Logo Quiz - Statistics

General Stats
  • This quiz has been taken 210 times
  • The average score is 7 of 24
Answer Stats
Picture Answer % Correct
BYD
97%
Geely
66%
Xiaomi
50%
Lynk & Co
49%
Chery
46%
Wuling
45%
Changan
41%
Hongqi
33%
Nio
33%
Li Auto
32%
XPeng
30%
GAC
29%
Zeekr
25%
Leapmotor
20%
Tank
20%
Denza
18%
AITO
17%
Jetour
16%
Aion
14%
Jetta
14%
Deepal
13%
Neta
11%
Bestune
10%
Nevo
6%
No matching quizzes found
Score Distribution
Percent of People with Each Score
Percentile by Number Answered
Your Score History
You have not taken this quiz